[Event "DEM U12/U12w 2003"]
[Site "Willingen GER"]
[Date "2003.06.08"]
[Round "2"]
[White "Döring, Julia"]
[Black "Remy, Janina"]
[Result "0-1"]
[Termination "normal"]
[Board "25"]
[WhiteElo "1257"]
[BlackElo "1672"]
[PlyCount "121"]
[BlackFideId "24627348"]
[EventCountry "GER"]
[EventRounds "11"]
[EventType "swiss"]
[EventDate "2003.06.07"]

1. c4 e5 2. Nc3 Nf6 3. Nf3 Nc6 4. e3 d5 5. b3 Be6 6. cxd5 Nxd5 7. Bb2 Bd6 8.
Bb5 Nde7 9. O-O O-O 10. d4 exd4 11. Nxd4 Nxd4 12. Qxd4 Nf5 13. Qd1 a6 14. Bd3
h6 15. Ne4 Be7 16. Rc1 c6 17. Qc2 Nd6 18. Qc3 f6 19. Nc5 Bf7 20. Bc2 Nb5 21.
Qd3 Qxd3 22. Nxd3 Rad8 23. Rfd1 Ba3 24. Bxa3 Nxa3 25. Nc5 Nxc2 26. Rxd8 Rxd8
27. Nxb7 Rd2 28. Nc5 Nb4 29. a3 Rc2 30. Rxc2 Nxc2 31. a4 Nb4 32. Kf1 Kf8 33.
Ke2 Ke7 34. f4 Be6 35. h3 Bc8 36. h4 f5 37. g3 Kd6 38. Nd3 Nxd3 39. Kxd3 Be6
40. b4 Bb3 41. a5 Kd5 42. Kc3 Bc4 43. Kd2 Ke4 44. Kc3 Bb5 45. Kd2 Kf3 46. Kc2
Kxe3 47. Kc3 Ke4 48. Kc2 Kf3 49. Kd2 Kxg3 50. Ke3 Kxh4 51. Kf2 Kg4 52. Ke3 h5
53. Kf2 Kxf4 54. Kg2 g5 55. Kf2 h4 56. Kg2 Ke3 57. Kh3 Kf2 58. Kh2 g4 59. Kh1
Bf1 60. Kh2 g3+ 61. Kh1 0-1

[Event "DEM U12/U12w 2003"]
[Site "Willingen GER"]
[Date "2003.06.08"]
[Round "2"]
[White "Häcker, Katrin"]
[Black "Heistermann, Till"]
[Result "0-1"]
[Termination "normal"]
[Board "26"]
[WhiteElo "1253"]
[BlackElo "1619"]
[PlyCount "38"]
[WhiteFideId "24667986"]
[EventCountry "GER"]
[EventRounds "11"]
[EventType "swiss"]
[EventDate "2003.06.07"]

1. e4 c5 2. Nf3 d6 3. d4 cxd4 4. Nxd4 Nf6 5. Nc3 g6 6. Be3 Bg7 7. f3 O-O 8. Qd2
Nc6 9. O-O-O Nxd4 10. Bxd4 Be6 11. Be3 Qa5 12. Kb1 Rfc8 13. Be2 Nxe4 14. Qd3
Nxc3+ 15. Kc1 Nxa2+ 16. Kb1 Nb4 17. Qa3 Ba2+ 18. Qxa2 Qxa2+ 19. Kc1 Rxc2# 0-1

[Event "DEM U12/U12w 2003"]
[Site "Willingen GER"]
[Date "2003.06.08"]
[Round "2"]
[White "Tschikischew, Jürgen"]
[Black "Miclea, Sebastian"]
[Result "0-1"]
[Termination "normal"]
[Board "27"]
[WhiteElo "1249"]
[BlackElo "1532"]
[PlyCount "52"]
[EventCountry "GER"]
[EventRounds "11"]
[EventType "swiss"]
[EventDate "2003.06.07"]

1. d4 Nf6 2. c4 g6 3. Nc3 d5 4. Nf3 Bg7 5. Bf4 O-O 6. e3 c5 7. cxd5 Nxd5 8. Bc4
Nxf4 9. exf4 cxd4 10. Ne2 b5 11. Bd3 Bb7 12. Nc1 Qa5+ 13. Qd2 Qxd2+ 14. Kxd2
Bxf3 15. gxf3 Nd7 16. Bxb5 Nc5 17. Nd3 Nxd3 18. Kxd3 Rab8 19. a4 Rfc8 20. Rhc1
h5 21. h4 Rxc1 22. Rxc1 Bh6 23. Kxd4 Bxf4 24. Rc2 Rd8+ 25. Ke4 e5 26. Bc4 Rd4#
0-1

[Event "DEM U12/U12w 2003"]
[Site "Willingen GER"]
[Date "2003.06.08"]
[Round "2"]
[White "Schroer, Claus"]
[Black "Mischke, Daniel"]
[Result "1/2-1/2"]
[Termination "normal"]
[Board "28"]
[WhiteElo "1475"]
[BlackElo "1238"]
[PlyCount "45"]
[EventCountry "GER"]
[EventRounds "11"]
[EventType "swiss"]
[EventDate "2003.06.07"]

1. e4 Nf6 2. e5 Nd5 3. d4 d6 4. exd6 cxd6 5. Nf3 Bg4 6. Be2 e6 7. b3 Nc6 8. c4
Nb6 9. O-O g6 10. Bb2 Bg7 11. Qd2 O-O 12. Na3 d5 13. c5 Nd7 14. Nc2 Re8 15. Ne3
Bxf3 16. Bxf3 Qh4 17. Rfd1 Nf6 18. g3 Qh6 19. Bg2 Rad8 20. b4 a6 21. f3 Re7 22.
a3 Red7 23. Ra2 1/2-1/2

[Event "DEM U12/U12w 2003"]
[Site "Willingen GER"]
[Date "2003.06.08"]
[Round "2"]
[White "Wisheckel, Lena"]
[Black "Falke, Isaak"]
[Result "0-1"]
[Termination "normal"]
[Board "29"]
[WhiteElo "1242"]
[BlackElo "1460"]
[PlyCount "80"]
[WhiteFideId "24691992"]
[BlackFideId "24614483"]
[EventCountry "GER"]
[EventRounds "11"]
[EventType "swiss"]
[EventDate "2003.06.07"]

1. e4 e5 2. Nf3 Nc6 3. Bc4 Bc5 4. d3 d6 5. Ng5 Nh6 6. h3 O-O 7. Nc3 Na5 8. O-O
Nxc4 9. dxc4 Kh8 10. a3 a6 11. Nd5 f6 12. Nf3 Ng8 13. b4 Ba7 14. Bd2 Ne7 15.
Nh2 Be6 16. Re1 c6 17. Nxe7 Qxe7 18. Qe2 Qf7 19. Be3 Bxc4 20. Qd2 Bxe3 21. Qxe3
d5 22. c3 Rad8 23. Rad1 Rd7 24. Nf3 dxe4 25. Qxe4 Bd5 26. Qe3 Rfd8 27. Nh2 Qg6
28. g3 Qh5 29. h4 Qf5 30. Qe2 Qh3 31. Qf1 Qe6 32. Rd2 Bc4 33. Rxd7 Rxd7 34. Qg2
Rd3 35. Qe4 Rxc3 36. Rd1 Bd5 37. Qb1 Qh3 38. Qe4 h6 39. Rxd5 Rc1+ 40. Nf1 Rxf1#
0-1

[Event "DEM U12/U12w 2003"]
[Site "Willingen GER"]
[Date "2003.06.08"]
[Round "2"]
[White "Collmann, Martin"]
[Black "Penne, Bo"]
[Result "0-1"]
[Termination "normal"]
[Board "30"]
[WhiteElo "1438"]
[BlackElo "1226"]
[PlyCount "64"]
[BlackFideId "24642193"]
[EventCountry "GER"]
[EventRounds "11"]
[EventType "swiss"]
[EventDate "2003.06.07"]

1. e4 c6 2. d4 d5 3. exd5 cxd5 4. Bd3 Nc6 5. c3 Qc7 6. h3 e5 7. dxe5 Nxe5 8.
Qe2 Be7 9. Bb5+ Nc6 10. Nf3 Nf6 11. O-O O-O 12. Re1 Bd6 13. Bg5 Ne4 14. Qd3
Nxg5 15. Nxg5 g6 16. Qxd5 Bd7 17. Ne4 Be5 18. Nbd2 Bg7 19. Nf3 a6 20. Ba4 Rad8
21. Qg5 Be6 22. Nf6+ Kh8 23. Nxh7 Rd5 24. Qxd5 Bxd5 25. Nxf8 Bxf8 26. Nd2 Qf4
27. Rad1 Qxa4 28. a3 Qf4 29. Re8 Qg5 30. g3 Kg7 31. h4 Qg4 32. Nf1 Qxd1 0-1

[Event "DEM U12/U12w 2003"]
[Site "Willingen GER"]
[Date "2003.06.08"]
[Round "2"]
[White "Büchner, Felix"]
[Black "Yao, Kelvin"]
[Result "1-0"]
[Termination "normal"]
[Board "31"]
[WhiteElo "1229"]
[BlackElo "1426"]
[PlyCount "79"]
[EventCountry "GER"]
[EventRounds "11"]
[EventType "swiss"]
[EventDate "2003.06.07"]

1. d4 d5 2. c4 c6 3. Nc3 Nf6 4. Bg5 Bf5 5. Bxf6 exf6 6. cxd5 cxd5 7. Qb3 Nc6 8.
e3 Bb4 9. Nge2 O-O 10. a3 Qa5 11. Rc1 Bxc3+ 12. Nxc3 Rab8 13. Qxd5 Qxd5 14.
Nxd5 Rfe8 15. Kd2 Rbd8 16. Nf4 Re4 17. Ne2 h6 18. Ng3 Nxd4 19. exd4 Rexd4+ 20.
Ke1 Rd2 21. Nxf5 Rxb2 22. Rd1 Re8+ 23. Ne3 f5 24. Rd2 Rb3 25. Kd1 Rb1+ 26. Kc2
Rb6 27. Rd3 Rc6+ 28. Rc3 Rxc3+ 29. Kxc3 Rc8+ 30. Kd2 f4 31. Nc2 a6 32. Bd3 b5
33. Re1 Kf8 34. Re4 g5 35. Nd4 Rc5 36. Nb3 Rd5 37. Rd4 Rxd4 38. Nxd4 f6 39. Kc3
Kf7 40. Kb4 1-0

[Event "DEM U12/U12w 2003"]
[Site "Willingen GER"]
[Date "2003.06.08"]
[Round "2"]
[White "Zikeli, Julia"]
[Black "Göbel, Florian"]
[Result "1/2-1/2"]
[Termination "normal"]
[Board "32"]
[WhiteElo "1420"]
[BlackElo "1180"]
[PlyCount "99"]
[WhiteFideId "24622753"]
[EventCountry "GER"]
[EventRounds "11"]
[EventType "swiss"]
[EventDate "2003.06.07"]

1. e4 c5 2. Nf3 Nc6 3. d4 cxd4 4. Nxd4 Nf6 5. Nc3 e6 6. Bg5 Bb4 7. Nxc6 bxc6 8.
e5 h6 9. Bd2 Nd5 10. Nxd5 Bxd2+ 11. Qxd2 cxd5 12. Bd3 Qc7 13. Qe3 O-O 14. O-O
Bb7 15. Qg3 Rac8 16. f4 Qc5+ 17. Kh1 f5 18. exf6 Rxf6 19. Qg4 Rcf8 20. Rae1 Qe7
21. Re5 Qf7 22. f5 d6 23. Re3 exf5 24. Qf4 g5 25. Rg3 Kh8 26. Qd4 f4 27. Rgf3
Kg8 28. c4 Kh8 29. cxd5 Bxd5 30. Rh3 Kg8 31. a3 Qe6 32. Kg1 Qf7 33. Be4 Bxe4
34. Qxe4 Re8 35. Qd4 Qg7 36. Rd3 Rfe6 37. Qxg7+ Kxg7 38. Rfd1 Re1+ 39. Rxe1
Rxe1+ 40. Kf2 Re6 41. Rd4 Kf6 42. Ra4 Re7 43. b4 Ke6 44. b5 Kd5 45. Ra6 Kc5 46.
a4 h5 47. Rc6+ Kb4 48. Rxd6 Kxa4 49. b6 axb6 50. Rxb6 1/2-1/2

[Event "DEM U12/U12w 2003"]
[Site "Willingen GER"]
[Date "2003.06.08"]
[Round "2"]
[White "Billing, Tanja"]
[Black "Mijatovic, Andrea"]
[Result "1/2-1/2"]
[Termination "normal"]
[Board "33"]
[WhiteElo "1226"]
[BlackElo "1408"]
[PlyCount "58"]
[WhiteFideId "24647993"]
[BlackFideId "14514524"]
[EventCountry "GER"]
[EventRounds "11"]
[EventType "swiss"]
[EventDate "2003.06.07"]

1. c4 e5 2. Nc3 Nf6 3. g3 d5 4. cxd5 Nxd5 5. Bg2 Nb6 6. Nf3 Nc6 7. O-O Be7 8.
d3 O-O 9. Bd2 Be6 10. Ne4 f5 11. Neg5 Bxg5 12. Bxg5 Qd7 13. Bd2 f4 14. Ng5 Bd5
15. Ne4 h6 16. a3 Be6 17. Nc5 Qc8 18. Bc3 Bh3 19. Qb3+ Kh8 20. Bb4 Bxg2 21.
Kxg2 Nxb4 22. Qxb4 Rb8 23. e4 f3+ 24. Kh1 Qh3 25. Rg1 Rf6 26. g4 Rg6 27. Rg3
Qh4 28. h3 Rf6 29. Rag1 Qg5 1/2-1/2

[Event "DEM U12/U12w 2003"]
[Site "Willingen GER"]
[Date "2003.06.08"]
[Round "2"]
[White "Schulz, Marcel"]
[Black "Stelter, Frederik"]
[Result "0-1"]
[Termination "normal"]
[Board "34"]
[WhiteElo "1406"]
[BlackElo "1157"]
[PlyCount "76"]
[WhiteFideId "1270585"]
[EventCountry "GER"]
[EventRounds "11"]
[EventType "swiss"]
[EventDate "2003.06.07"]

1. e4 e5 2. Nf3 Nc6 3. Nc3 Bc5 4. Nxe5 Nxe5 5. d4 Bd6 6. dxe5 Bxe5 7. Bc4 Nf6
8. Qe2 O-O 9. O-O Re8 10. Bg5 h6 11. Bh4 g5 12. Bg3 Bxc3 13. bxc3 Rxe4 14. Qd3
Re8 15. Rfe1 d6 16. Bb5 Bd7 17. c4 c6 18. Ba4 d5 19. cxd5 Nxd5 20. Bb3 Be6 21.
Rab1 b6 22. Qc4 Qd7 23. Rbd1 Qb7 24. Qd4 Kh7 25. Qd3+ Kg7 26. Be5+ f6 27. Bb2
Rad8 28. Qf3 Qf7 29. c4 Nf4 30. Rxd8 Rxd8 31. Qxc6 Rc8 32. Qe4 Bxc4 33. Bc2 Kg8
34. Qf5 Rc7 35. Bb3 Bxb3 36. axb3 Qd5 37. Qg4 f5 38. Qg3 Ne2+ 0-1

[Event "DEM U12/U12w 2003"]
[Site "Willingen GER"]
[Date "2003.06.08"]
[Round "2"]
[White "Völsgen, Georg"]
[Black "Perlick, Maria"]
[Result "1/2-1/2"]
[Termination "normal"]
[Board "35"]
[WhiteElo "1159"]
[BlackElo "1397"]
[PlyCount "33"]
[WhiteFideId "24635901"]
[EventCountry "GER"]
[EventRounds "11"]
[EventType "swiss"]
[EventDate "2003.06.07"]

1. e4 e6 2. d4 d5 3. e5 c5 4. c3 Nc6 5. Nf3 Nge7 6. a3 Ng6 7. Be3 b6 8. Bb5 Bd7
9. O-O Ncxe5 10. Bxd7+ Nxd7 11. Nbd2 Bd6 12. c4 O-O 13. cxd5 exd5 14. Nb1 Nf6
15. Nc3 Re8 16. Bg5 Be7 17. dxc5 1/2-1/2

[Event "DEM U12/U12w 2003"]
[Site "Willingen GER"]
[Date "2003.06.08"]
[Round "2"]
[White "Hannes, Diana"]
[Black "Demmler, Julia"]
[Result "1-0"]
[Termination "normal"]
[Board "36"]
[WhiteElo "1145"]
[BlackElo "1385"]
[PlyCount "39"]
[WhiteFideId "24611344"]
[EventCountry "GER"]
[EventRounds "11"]
[EventType "swiss"]
[EventDate "2003.06.07"]

1. e4 e5 2. Nf3 Nc6 3. Bc4 Bc5 4. c3 Nf6 5. d4 exd4 6. cxd4 Bb4+ 7. Nc3 Nxe4 8.
O-O Bxc3 9. d5 Bf6 10. Re1 Ne7 11. Rxe4 d6 12. Bg5 Bxg5 13. Nxg5 O-O 14. Nxh7
Kxh7 15. Qh5+ Kg8 16. Rh4 f6 17. Bd3 Bd7 18. Bh7+ Kh8 19. Bg6+ Kg8 20. Qh8# 1-0

[Event "DEM U12/U12w 2003"]
[Site "Willingen GER"]
[Date "2003.06.08"]
[Round "2"]
[White "Gahn, Juliane"]
[Black "Frey, Alisa"]
[Result "0-1"]
[Termination "normal"]
[Board "37"]
[WhiteElo "1379"]
[BlackElo "1138"]
[PlyCount "56"]
[BlackFideId "24634662"]
[EventCountry "GER"]
[EventRounds "11"]
[EventType "swiss"]
[EventDate "2003.06.07"]

1. e4 e5 2. Nf3 Nc6 3. Bc4 Bc5 4. b4 Bxb4 5. c3 Ba5 6. Qb3 Qe7 7. Ba3 d6 8. O-O
Bg4 9. Qxb7 Rd8 10. Qxc6+ Rd7 11. Qd5 Bb6 12. Bb5 Nf6 13. Bxd7+ Qxd7 14. Qa8+
Qc8 15. Qxc8+ Bxc8 16. d4 Ba6 17. Re1 O-O 18. dxe5 dxe5 19. Nxe5 Re8 20. Nc6
Nxe4 21. Ne7+ Rxe7 22. Bxe7 Bxf2+ 23. Kh1 Bxe1 24. Bb4 Bb7 25. a3 Nf6 26. Kg1
Ng4 27. Kf1 Bf2 28. h3 Ba6+ 0-1

[Event "DEM U12/U12w 2003"]
[Site "Willingen GER"]
[Date "2003.06.08"]
[Round "2"]
[White "Schultheiß, Vera"]
[Black "Wassilian, Diana"]
[Result "0-1"]
[Termination "normal"]
[Board "38"]
[WhiteElo "1046"]
[BlackElo "1376"]
[PlyCount "64"]
[EventCountry "GER"]
[EventRounds "11"]
[EventType "swiss"]
[EventDate "2003.06.07"]

1. e4 e5 2. Nf3 Nc6 3. Bc4 Bc5 4. d3 Nf6 5. Bg5 h6 6. Bh4 g5 7. Bg3 d6 8. h3
Be6 9. Bxe6 fxe6 10. O-O Qe7 11. Nc3 a6 12. Rb1 O-O-O 13. Na4 Ba7 14. b4 Rdg8
15. Qe2 g4 16. hxg4 Rxg4 17. Bh4 Rhg8 18. g3 Qg7 19. Kg2 Nh5 20. Rg1 Nf4+ 21.
Kf1 Nxe2 22. Kxe2 Qf7 23. Rb3 Rf8 24. d4 Nxd4+ 25. Kd2 Nxb3+ 26. axb3 Qxf3 27.
Kc1 Qxf2 28. Rd1 Be3+ 29. Kb1 Qe2 30. Rh1 Rf2 31. Ka2 Qxc2+ 32. Ka3 Qa2# 0-1

[Event "DEM U12/U12w 2003"]
[Site "Willingen GER"]
[Date "2003.06.08"]
[Round "2"]
[White "Kickert, Germaine-Helene"]
[Black "Eckoldt, Katja"]
[Result "1-0"]
[Termination "normal"]
[Board "39"]
[WhiteElo "1374"]
[BlackElo "979"]
[PlyCount "93"]
[WhiteFideId "24614890"]
[EventCountry "GER"]
[EventRounds "11"]
[EventType "swiss"]
[EventDate "2003.06.07"]

1. e4 c5 2. c3 d6 3. d4 cxd4 4. cxd4 e6 5. Nf3 Nc6 6. Nc3 Nf6 7. Bb5 Bd7 8. O-O
Be7 9. Be3 O-O 10. Qd2 a6 11. Bd3 Nb4 12. Bc4 d5 13. exd5 exd5 14. Bb3 Bc6 15.
a3 Re8 16. axb4 Bxb4 17. Bg5 Be7 18. Ne5 Rc8 19. Nxc6 Rxc6 20. Bxf6 Bxf6 21.
Bxd5 Rc7 22. Rfd1 Qd6 23. Bb3 Rd7 24. Ba4 b5 25. Nxb5 axb5 26. Bxb5 g6 27. Bxd7
Qxd7 28. Qc2 Rc8 29. Qa4 Qxa4 30. Rxa4 Rb8 31. d5 Rxb2 32. d6 Bd4 33. d7 Bxf2+
34. Kf1 Bh4 35. g3 Bg5 36. d8=Q+ Bxd8 37. Rxd8+ Kg7 38. Ra7 Rxh2 39. Rdd7 Kg8
40. Rxf7 Rh1+ 41. Kg2 Rh5 42. Rfd7 Rf5 43. Rxh7 g5 44. Rhe7 Rf8 45. Rg7+ Kh8
46. Rh7+ Kg8 47. Rag7# 1-0

[Event "DEM U12/U12w 2003"]
[Site "Willingen GER"]
[Date "2003.06.08"]
[Round "2"]
[White "Prosch, Julia"]
[Black "Seifert, Christopher"]
[Result "1/2-1/2"]
[Termination "normal"]
[Board "40"]
[WhiteElo "1003"]
[BlackElo "1369"]
[PlyCount "89"]
[BlackFideId "24615293"]
[EventCountry "GER"]
[EventRounds "11"]
[EventType "swiss"]
[EventDate "2003.06.07"]

1. e4 e6 2. d4 d5 3. exd5 exd5 4. Bd3 Nf6 5. Nc3 Bd6 6. Nge2 Bg4 7. f3 Bh5 8.
Bf4 Bg6 9. Bxd6 Qxd6 10. Qd2 Nc6 11. O-O-O O-O-O 12. Nb5 Qd7 13. Rhe1 Bxd3 14.
Qxd3 Nb4 15. Nxa7+ Kb8 16. Qb3 Nxc2 17. Qxc2 Kxa7 18. Rd3 b6 19. Ra3+ Kb7 20.
Qd3 Ra8 21. Rxa8 Rxa8 22. Kb1 Qa4 23. a3 Re8 24. Rc1 Qd7 25. Qc2 Qe7 26. Qc6+
Kb8 27. Nf4 Rd8 28. Ne2 Rd6 29. Qc3 Ne8 30. Nf4 Qg5 31. g3 Qh6 32. Qe1 Nf6 33.
Qe7 Rd7 34. Qf8+ Kb7 35. h4 c6 36. Re1 Nh5 37. Nxh5 Qxh5 38. Re8 Qxf3 39. Rb8+
Kc7 40. Qc8+ Kd6 41. Rxb6 Qd3+ 42. Ka2 Qxg3 43. Qxc6+ Ke7 44. Qc5+ Ke8 45. Qc8+
1/2-1/2

[Event "DEM U12/U12w 2003"]
[Site "Willingen GER"]
[Date "2003.06.08"]
[Round "2"]
[White "Hort, Maria"]
[Black "Bradler, Stephan"]
[Result "0-1"]
[Termination "normal"]
[Board "41"]
[WhiteElo "966"]
[BlackElo "1366"]
[PlyCount "82"]
[BlackFideId "24629367"]
[EventCountry "GER"]
[EventRounds "11"]
[EventType "swiss"]
[EventDate "2003.06.07"]

1. e4 e5 2. Nf3 Nc6 3. Bb5 Nf6 4. Nc3 Bb4 5. a3 Bxc3 6. dxc3 O-O 7. O-O d6 8.
Bg5 Be6 9. Re1 a6 10. Ba4 Na5 11. b4 b5 12. Bxb5 axb5 13. bxa5 Rxa5 14. Nd2 Qe7
15. Qf3 Rfa8 16. Qg3 Rxa3 17. Bh6 Ne8 18. Rxa3 Rxa3 19. Rb1 c6 20. Nb3 Qa7 21.
h3 Bxb3 22. cxb3 Ra1 23. Rxa1 Qxa1+ 24. Kh2 Qb1 25. b4 Qxe4 26. Qg5 f6 27. Qg3
Kf7 28. f3 Qc2 29. Be3 Qxc3 30. Bf2 Qxb4 31. Be1 Qb1 32. Bf2 c5 33. Qg4 Ke7 34.
Qc8 Qa2 35. Qb7+ Kf8 36. Bg3 b4 37. Qc8 b3 38. Bxe5 Qd2 39. Qd7 b2 40. Qb7 dxe5
41. Qb5 Qc2 0-1

[Event "DEM U12/U12w 2003"]
[Site "Willingen GER"]
[Date "2003.06.08"]
[Round "2"]
[White "Saak, Sandra"]
[Black "Thewes, Johannes"]
[Result "0-1"]
[Termination "normal"]
[Board "42"]
[WhiteElo "1361"]
[BlackElo "903"]
[PlyCount "98"]
[BlackFideId "4624823"]
[EventCountry "GER"]
[EventRounds "11"]
[EventType "swiss"]
[EventDate "2003.06.07"]

1. e4 e5 2. Nf3 Nc6 3. Bc4 Nf6 4. d3 h6 5. Nc3 Bc5 6. Be3 d6 7. Bxc5 dxc5 8. h3
O-O 9. O-O b6 10. Bb5 Bb7 11. Bxc6 Bxc6 12. Nxe5 Bb7 13. Qd2 Nd7 14. Nf3 Nf6
15. Rfe1 Re8 16. Qf4 Qe7 17. Rad1 Rad8 18. Ne2 c4 19. Ned4 cxd3 20. cxd3 Qb4
21. Nb3 c5 22. Qd2 Qxd2 23. Rxd2 a5 24. e5 Nd5 25. d4 c4 26. Nc1 c3 27. bxc3
Nxc3 28. Rc2 Nd5 29. Nb3 Nf4 30. Rc3 Re6 31. Nbd2 f6 32. Kf1 Ba6+ 33. Kg1 Ne2+
34. Rxe2 Bxe2 35. Re3 Bxf3 36. Nxf3 fxe5 37. dxe5 b5 38. Kh2 a4 39. a3 Rb8 40.
Nd4 Ree8 41. Nc2 Rbc8 42. Nd4 Rc5 43. e6 b4 44. axb4 Rc4 45. Ne2 Rxb4 46. Nc1
Rb6 47. f4 Rbxe6 48. Ra3 Re4 49. Nd3 Re3 0-1

[Event "DEM U12/U12w 2003"]
[Site "Willingen GER"]
[Date "2003.06.08"]
[Round "2"]
[White "Müller, Anna-Louise"]
[Black "Mertens, Pauline"]
[Result "0-1"]
[Termination "normal"]
[Board "43"]
[WhiteElo "821"]
[BlackElo "1353"]
[PlyCount "104"]
[WhiteFideId "4633512"]
[BlackFideId "24671959"]
[EventCountry "GER"]
[EventRounds "11"]
[EventType "swiss"]
[EventDate "2003.06.07"]

1. e4 c5 2. Nf3 d6 3. d4 cxd4 4. Nxd4 Nf6 5. Nc3 a6 6. f3 e5 7. Nb3 Be6 8. Nd5
Be7 9. Be3 Nbd7 10. Qd2 Nxd5 11. exd5 Bf5 12. O-O-O O-O 13. g4 Bg6 14. Bf2 Bg5
15. Be3 Bxe3 16. Qxe3 Rc8 17. Rd2 Nc5 18. h4 h6 19. h5 Bh7 20. Bh3 Nxb3+ 21.
Qxb3 Rc7 22. Kb1 b5 23. Bf1 Rc5 24. Be2 Qc7 25. Rc1 Rc8 26. a3 Qb6 27. a4 b4
28. Bd3 Bxd3 29. Rxd3 a5 30. c4 Qc7 31. Qc2 Rxc4 32. Qxc4 Qxc4 33. Rxc4 Rxc4
34. b3 Rc5 35. Rd2 Rc3 36. Kb2 Rxf3 37. Rc2 Kf8 38. Rc6 Ke7 39. Rc7+ Kd8 40.
Rc6 Kd7 41. Ra6 Rf2+ 42. Kc1 e4 43. Kd1 Rb2 44. Ra7+ Ke8 45. Ra8+ Ke7 46. Ra7+
Kf6 47. Ke1 Rxb3 48. Rxa5 Rb1+ 49. Kf2 b3 50. Rb5 Ke5 51. Ke3 b2 52. Kd2 e3+
0-1

[Event "DEM U12/U12w 2003"]
[Site "Willingen GER"]
[Date "2003.06.09"]
[Round "3"]
[White "Müller, Reinhold"]
[Black "Kazhibadze, Georg"]
[Result "0-1"]
[Termination "normal"]
[Board "1"]
[WhiteElo "2003"]
[BlackElo "1681"]
[PlyCount "76"]
[WhiteFideId "24605875"]
[EventCountry "GER"]
[EventRounds "11"]
[EventType "swiss"]
[EventDate "2003.06.07"]

1. d4 d5 2. Nf3 e6 3. c4 Nf6 4. Bg5 Be7 5. Nc3 O-O 6. e3 Nbd7 7. Bd3 dxc4 8.
Bxc4 c5 9. O-O a6 10. a4 cxd4 11. Qxd4 Qb6 12. Qd3 Rd8 13. Qe2 Nf8 14. e4 h6
15. Be3 Bc5 16. Bxc5 Qxc5 17. Rfd1 Bd7 18. e5 Ne8 19. Ne4 Qb4 20. Rd4 Qb6 21.
Ng3 Bc6 22. Rg4 Bxf3 23. gxf3 Rd4 24. Qe3 Rad8 25. Kg2 h5 26. Rxd4 Qxd4 27. Qe2
h4 28. Nf1 h3+ 29. Kxh3 Ng6 30. Qe4 Qxf2 31. Ne3 Rd2 32. Rh1 Rxb2 33. Bf1 Rb3
34. Bg2 Rxe3 35. Qg4 Rxe5 36. Rf1 Qe3 37. Qc4 Nf4+ 38. Kg3 Ne2+ 0-1

[Event "DEM U12/U12w 2003"]
[Site "Willingen GER"]
[Date "2003.06.09"]
[Round "3"]
[White "Fischer, Thomas"]
[Black "Huschenbeth, Niclas"]
[Result "0-1"]
[Termination "normal"]
[Board "2"]
[WhiteElo "1671"]
[BlackElo "1808"]
[PlyCount "114"]
[WhiteFideId "4683277"]
[BlackFideId "24604747"]
[EventCountry "GER"]
[EventRounds "11"]
[EventType "swiss"]
[EventDate "2003.06.07"]

1. Nf3 Nf6 2. g3 g6 3. Bg2 Bg7 4. O-O O-O 5. c4 d5 6. cxd5 Nxd5 7. d4 Nb6 8. e4
Bg4 9. Be3 Nc6 10. e5 Nc4 11. h3 Nxb2 12. Qc2 Bxf3 13. Bxf3 Nxd4 14. Bxd4 Qxd4
15. Be2 Na4 16. Na3 Nb6 17. Qxc7 Bxe5 18. Qxe7 Bd6 19. Nb5 Qxa1 20. Qxf8+ Bxf8
21. Rxa1 a6 22. Nc3 Bg7 23. Rb1 Nc8 24. Nd5 b5 25. Bf3 Ra7 26. Rc1 Nd6 27. Rc6
Be5 28. Bg4 h5 29. Bd1 Nf5 30. Rc8+ Kg7 31. Re8 Bd4 32. g4 hxg4 33. hxg4 Nd6
34. Rd8 Ne4 35. Ne3 Bb6 36. Re8 Nc3 37. Bb3 Ne2+ 38. Kf1 Nd4 39. Bd1 a5 40. Nd5
Bc5 41. Rc8 Bf8 42. Nc3 Bb4 43. Nd5 Bd2 44. Nc3 a4 45. Ne4 Ba5 46. Rc1 Bb6 47.
Rb1 Rc7 48. Ke1 Ba5+ 49. Kf1 Rc6 50. g5 Kf8 51. Kg2 Ke7 52. f3 Ke6 53. Kh3 Kd5
54. Nf6+ Kc4 55. Nd7 Kc3 56. Ne5 Rc7 57. Kg3 Kd2 0-1

[Event "DEM U12/U12w 2003"]
[Site "Willingen GER"]
[Date "2003.06.09"]
[Round "3"]
[White "Scharnowski, Tobias"]
[Black "Savchenko, Aleksij"]
[Result "1/2-1/2"]
[Termination "normal"]
[Board "3"]
[WhiteElo "1658"]
[BlackElo "1774"]
[PlyCount "112"]
[WhiteFideId "24620424"]
[BlackFideId "24611727"]
[EventCountry "GER"]
[EventRounds "11"]
[EventType "swiss"]
[EventDate "2003.06.07"]

1. e4 e5 2. Bc4 Nf6 3. d3 Nc6 4. Nf3 Be7 5. c3 O-O 6. Bb3 d5 7. Qe2 dxe4 8.
dxe4 b6 9. Nbd2 a5 10. a4 Ba6 11. Bc4 Bb7 12. O-O Bd6 13. Re1 Ne7 14. Bd3 Ng6
15. Nf1 Nh5 16. Bc4 Nhf4 17. Bxf4 Nxf4 18. Qc2 Kh8 19. Ng3 g6 20. Rad1 Qe7 21.
Ne2 Nh5 22. Ng3 Nf4 23. Ne2 Nh5 24. Ng3 Ng7 25. Bd5 Bxd5 26. Rxd5 c6 27. Rd2
Bc7 28. Red1 Rfd8 29. Qb3 Ne6 30. Rxd8+ Rxd8 31. Rxd8+ Qxd8 32. Qc2 Nf4 33. Ne2
Qd3 34. Qxd3 Nxd3 35. b3 Nc5 36. Nd2 Kg7 37. f3 b5 38. axb5 cxb5 39. c4 bxc4
40. bxc4 a4 41. Nc3 Ba5 42. Ndb1 f5 43. Kf1 fxe4 44. fxe4 a3 45. Ke2 Nxe4 46.
Na2 Kf6 47. Nxa3 Kf5 48. Nc1 Nc3+ 49. Kf2 Ke4 50. Nb5 Nxb5 51. cxb5 Kd5 52. Ke3
Bb6+ 53. Kd2 Kc4 54. Nd3 Kd4 55. Ke2 e4 56. Nf2 h5 1/2-1/2

[Event "DEM U12/U12w 2003"]
[Site "Willingen GER"]
[Date "2003.06.09"]
[Round "3"]
[White "Bigalke, Tobias"]
[Black "Fink, Leander"]
[Result "1-0"]
[Termination "normal"]
[Board "4"]
[WhiteElo "1767"]
[BlackElo "1657"]
[PlyCount "119"]
[WhiteFideId "4698282"]
[BlackFideId "24605247"]
[EventCountry "GER"]
[EventRounds "11"]
[EventType "swiss"]
[EventDate "2003.06.07"]

1. e4 c5 2. Nf3 Nc6 3. d4 cxd4 4. Nxd4 e5 5. Nb3 d6 6. Nc3 Be6 7. Be3 Nf6 8. f3
Be7 9. Qd2 d5 10. exd5 Nxd5 11. Nxd5 Bxd5 12. Bd3 O-O 13. O-O h6 14. Rad1 Bg5
15. f4 exf4 16. Bxf4 Bxf4 17. Qxf4 Qg5 18. Qxg5 hxg5 19. c4 Be6 20. Nc5 Bg4 21.
Rd2 b6 22. Ne4 Ne5 23. Nf2 Be6 24. b3 Nxd3 25. Rxd3 Rfe8 26. Rfd1 Re7 27. h3
Rae8 28. g4 Bc8 29. Kg2 Bb7+ 30. Kh2 Re2 31. R1d2 Rxd2 32. Rxd2 Re7 33. Nd1 f6
34. Kg3 Kf7 35. Kf2 g6 36. Nc3 Bc6 37. b4 Rd7 38. Nd5 Bxd5 39. cxd5 Ke7 40. Ke3
Kd6 41. Kd4 b5 42. Rc2 Rc7 43. Rf2 Rf7 44. a4 f5 45. axb5 f4 46. Ra2 Rb7 47.
Ra6+ Rb6 48. Rxa7 Rxb5 49. Ra6+ Kc7 50. Kc4 Rb8 51. Rf6 Rb6 52. Rf7+ Kd6 53. b5
Ke5 54. Re7+ Kd6 55. Re6+ Kc7 56. Kc5 Rxe6 57. dxe6 f3 58. b6+ Kd8 59. b7 Kc7
60. e7 1-0